Statistics for Croatian cities and towns starting with C/Č

Click here to take the quiz!

General Stats

  • This quiz has been taken 9 times
  • The average score is 3 of 5

Answer Stats

PopulationAnswer% Correct
27,266Čakovec
89%
10,004Crikvenica
67%
2,738Cres
56%
3,239Čabar
44%
6,947Čazma
33%

Score Distribution

Percentile by Number Answered

Percent of People with Each Score

Your Score History

You have not taken this quiz